Na budúci mesiac PreShow Cup 2006 tanečníci z Grimmy z Kanárskych ostrovov na Bratislavskú

Bibliographic Details
Main Author: Jacoš, Ján, 1963- (Author)
Format: Article
Language:Slovak
PhysicalDescription:Fotogr.
ISSN:1336-4030
Subjects:
Online Access:www.vecernik.po.sk

MARC

LEADER 00000nab a2200000 a 4500
001 vtls008941026
003 SK-MaSNL
005 20260303070820.0
008 070131c20061018xo dr n 000 00slo
038 |a SVKPOCL 
040 |a SVKPOCL  |b slo  |c AACR2  |e AACR2 
041 |a slo 
044 |a xo  |c SK 
080 |a 793.31  |2 2001 
100 1 |a Jacoš, Ján,  |d 1963-  |4 aut  |9 11515 
245 1 0 |a Na budúci mesiac PreShow Cup 2006  |b tanečníci z Grimmy z Kanárskych ostrovov na Bratislavskú  |c [autor] (jac) 
300 |a Fotogr. 
610 2 7 |a Grimmy Dance Group (Prešov, Slovensko)  |2 svkpocl  |9 1059442 
650 0 7 |a tanečné skupiny  |2 svkpocl  |9 1047273 
651 7 |a Prešov (Slovensko)  |2 svkpocl  |9 17347 
773 0 |t Prešovský večerník  |g Roč. XVII, č. 4062 (18.10.2006), s. 18  |x 1336-4030 
852 |a SVKPO  |b KIS3GCP 
856 4 1 |u www.vecernik.po.sk 
958 |a RG 
999 |c 1757022  |d 1758952